000
00281nam a22001217a 4500
020
_a
3-211-81784-0
082
_a
621.382 SEC'L
100
_a
LONGS, G
_9
74224
245
_a
SECURE DIGITAL COMMUNICATION
260
_a
NEWYORK
_b
SPRINGER VERLAG
_c
1983
300
_a
332P
942
_c
BK
999
_c
579787
_d
579787